000 00337nam a2200133Ia 4500
008 151001s9999||||xx |||||||||||||| ||und||
100 _aशैलजा राजे
245 _aपराधीन आहे जगती
250 _a1
260 _bश्री गणराज
260 _c1976
300 _a168
365 _b18
999 _c959597
_d959594